000 00337nam a22001337a 4500
008 170602b xxu||||| |||| 00| 0 eng d
020 _a9781626360341
041 _aeng
080 _a93
100 _a17
101 _aSHH
245 _aREFLECTIONS ON THE LIFE, ASSASSINATION, AND LEGACY OF JOHN F. KENNEDY
_cOWEN, D.R
942 _2udc
_cBK
999 _c15591
_d15591